| 000 | 00453nam a22001697a 4500 | ||
|---|---|---|---|
| 003 | OSt | ||
| 005 | 20140310183109.0 | ||
| 008 | 130305t xxu||||| |||| 00| 0 eng d | ||
| 020 | _a9718280227 | ||
| 050 |
_aPL 5539.H32 _b.H53 2003 |
||
| 100 | _aHidalgo, Antonio A. | ||
| 245 |
_aFour plays = Apat na dula / _cAntonio A. Hidalgo |
||
| 260 |
_aQuezon City : _bMilflores, _c2003. |
||
| 300 |
_a119 p. : _c22 cm. |
||
| 942 |
_2lcc _cBK _kFLIR |
||
| 999 |
_c18822 _d18822 |
||